Lengua española 4 : (Registro nro. 9501)

Detalles MARC
000 -LIDER
fixed length control field 01649nam a2200385 a 4500
001 - NÚMERO DE CONTROL
Identificador de número de control 00003809
003 - IDENTIFICACDOR DE NÚMERO DE CONTROL
control field DO-SdBNP
005 - DATE AND TIME OF LATEST TRANSACTION
control field 20170207103724.0
007 - CAMPOS FIJOS DE DESCRIPCIÓN FÍSICA
fixed length control field 00003809
008 - ELEMENTOS DE LONGITUD FIJA
fixed length control field 150130s2012 dr ac 000 0 spa d
020 ## - ISBN
International Standard Book Number 9789945173949
040 ## - FUENTE DE CATALOGACIÓN
Agencia que crea de manera original el registro BPMSU
Idioma de catalogación spa
Agencia que realiza la transcripción BPMSU
082 04 - NÚMERO DE CLASIFICACIÓN DECIMAL DE DEWEY
Classification number 372.6561
Item number L566e 4to. 2012
245 00 - MENCIÓN DE TITULO
Título Lengua española 4 :
Subtítulo educación básica /
Mención de responsabilidad coordinación editorial ; Anna Rogero Soler ; ilustraciones Ricardo Rossi
260 ## - PUBLICACIÓN, DISTRIBUCIÓN, ETC. (PIE DE IMPRENTA)
Lugar de publicación, distribución, etc Santo Domingo :
Nombre del editor, distribuidor, etc. SM,
Fecha de publicación, distribución, etc 2012.
300 ## - DESCRIPCIÓN FÍSICA
Extensión 199 p. :
Otros detalles físicos il., retrs. ;
Dimensiones 29 cm.
490 1# - MENCIÓN DE SERIES
Mención de serie Proyecto Sé
500 ## - NOTA GENERAL
Nota general Este libro ha sido realizado de acuerdo al currículo vigente y ha sido sometido a la aprobación del Ministerio de Educación.
505 1# - NOTA DE CONTENIDO
Título Las palabras --
-- ¡Dame la mano! --
-- La paz, y ya verás --
-- A veces me enojo --
-- ¡Última hora! --
-- Respeto mi entorno --
-- Se buscan héroes --
-- También soy caribeño --
-- El paisaje de mi país --
-- Me expreso --
-- Me conecto.
650 #4 - ENCABEZAMIENTO DE MATERIA--TEMÁTICO
Término temático o nombre geográfico como elemento de entrada ESPAÑOL
Subdivisión temática general ENSEÑANZA BÁSICA
650 #4 - ENCABEZAMIENTO DE MATERIA--TEMÁTICO
Término temático o nombre geográfico como elemento de entrada ESPAÑOL
Subdivisión temática general EDUCACIÓN PRIMARIA
650 #4 - ENCABEZAMIENTO DE MATERIA--TEMÁTICO
Término temático o nombre geográfico como elemento de entrada EDUCACIÓN PRIMARIA
Subdivisión geográfica REPÚBLICA DOMINICANA
650 #4 - ENCABEZAMIENTO DE MATERIA--TEMÁTICO
Término temático o nombre geográfico como elemento de entrada ESPAÑOL
Subdivisión temática general ESTUDIOS Y EJERCICIOS
650 #4 - ENCABEZAMIENTO DE MATERIA--TEMÁTICO
Término temático o nombre geográfico como elemento de entrada ESPAÑOL
Subdivisión temática general LIBROS DE TEXTOS
700 1# - ASIENTO SECUNDARIO -- NOMBRE PERSONAL
Nombre personal Rogero Soler, Anna,
Mención de responsabilidad ed.
700 1# - ASIENTO SECUNDARIO -- NOMBRE PERSONAL
Nombre personal Rossi, Ricardo,
Mención de responsabilidad il.
710 1# - ASIENTO SECUNDARIO -- NOMBRE CORPORATIVO
Nombre corporativo o de jurisdicción República Dominicana.
Unidad subordinada Secretaria de Educación
830 #0 - ASIENTO SECUNDARIO DE SERIE--TÍTULO UNIFORME
Título uniforme Proyecto Sé
910 ## - VALIDACIÓN
Validación Validado. Control de calidad MFF
930 #1 - EQUIVALENCE OR CROSS-REFERENCE-UNIFORM TITLE HEADING [LOCAL, CANADA]
Language of a work BND01
Medium of performance for music LF1
Field link and sequence number 20091125
Date of a work 01
Name of part/section of a work OI
Miscellaneous information 8374
930 #1 - EQUIVALENCE OR CROSS-REFERENCE-UNIFORM TITLE HEADING [LOCAL, CANADA]
Language of a work BND01
Medium of performance for music LF1
Field link and sequence number 20091125
Date of a work 01
Name of part/section of a work HD
Miscellaneous information 8373
930 #1 - EQUIVALENCE OR CROSS-REFERENCE-UNIFORM TITLE HEADING [LOCAL, CANADA]
Language of a work BND01
Medium of performance for music LF1
Field link and sequence number 20091125
Date of a work 01
Name of part/section of a work OI
Miscellaneous information 8373
942 ## - ADDED ENTRY ELEMENTS (KOHA)
Source of classification or shelving scheme Dewey Decimal Classification
Koha item type Libros
956 ## - LOCAL ELECTRONIC LOCATION AND ACCESS (OCLC)
Nombre de host LOPEREZ
Número de acceso 10
Información de compresión 20160401
Inicio de sesión BPMSU
Procesador de solicitud 00041
Existencias
Withdrawn status Lost status Source of classification or shelving scheme Damaged status Not for loan Collection code Home library Current library Date acquired Source of acquisition Total Checkouts Full call number Barcode Date last seen Price effective from Koha item type
    Dewey Decimal Classification     Colección Escolar Biblioteca Pública Metropolitana Salomé Ureña Biblioteca Pública Metropolitana Salomé Ureña 05/11/2016 Donación   372.6561 L566e 4to. 2012 BPMSU16050238 05/11/2016 05/11/2016 Libros